| 000 | 00458nam a2200205Ia 4500 | ||
|---|---|---|---|
| 001 | 12909 | ||
| 003 | GE_BSU | ||
| 008 | 181216s||||||||xx |||||||||||||| ||und|| | ||
| 040 | _cGE_BSU | ||
| 080 | _a821.111-32 | ||
| 100 | _aRoche De La Mazo. | ||
| 245 | _aFinish's Fortune. | ||
| 245 | _bUnabridged. | ||
| 260 | _aLondon. | ||
| 260 | _bPan Books LTD. | ||
| 260 | _c1967 | ||
| 300 | _a347p;18cm. | ||
| 653 | _aFinish's Fortune.Unabridged. | ||
| 942 | _cBK | ||
| 999 |
_c46079 _d46079 |
||